LEADER 01355nam a2200301 i 4500 001 000000167822 003 CaOOAMICUS 005 20071210000000.0 008 071210s1971 it u000 u ita u 013 $a145221 040 $aSeMil$bita 100 0 $aIoannes Paulus I,$c.$0(OLS)http://semarc/name/9841 245 10$aFede cattolica oggi :$bconversazione letta il 23 gennaio 1971 alla Scuola di Cultura Cattolica di Vicenza /$cAlbino Luciani. 260 $a[S.l. :$bs.n.],$c1971$e(Vicenza :$fLa Tipografica,$g1971) 300 $a45 p. ;$c19 cm. 500 $aFondo Card. Giovanni Colombo. 650 4$aGiovanni Paolo I - Scritti e discorsi.$0(OLS)http://semarc/subject/16755 650 4$aFede e cristianesimo.$0(OLS)http://semarc/subject/11935 850 $aSeMil 852 $aSeMil$W1$xVenegono$y1$m5D VII 16/1$j118958$B118958$CSeMilBibl$Z2$F129812 $81 900 1 $aLuciani, Albino,$d<1912-1978>. 900 0 $aGiovanni Paolo I$c. 941 1 $a3 961 $aLascito: Colombo Card. Giovanni 996 $6245$aFede cattolica oggi :$bconversazione letta il 23 gennaio 1971 alla Scuola di Cultura Cattolica di Vicenza$9(OLS)http://semarc/title/240115 996 $6260$a[S.l. :$bs.n.]$9(OLS)http://semarc/publisher/29751 LEADER 00953nam a2200217 i 4500 001 000000105829 003 CaOOAMICUS 005 20020910000000.0 008 020910s1919 it u000 u ita u 013 $a78023 040 $aSeMil$bita 100 1 $aCresta, Carlo.$0(OLS)http://semarc/name/44575 245 10$aFilotea mariana :$btutto con me per l'Anima Divota di N.S. della Guardia /$cCompilata dal Sac. Carlo Cresta Direttore del Bollettino "La Madonna della Guardia" di Genova. 260 $aGenova :$bBronda,$c1919. 300 $a528 p. :$bill. ;$c16 cm. 650 4$aLibri devozionali.$0(OLS)http://semarc/subject/4451 850 $aSeMil 852 $aSeMil$W1$xVenegono$y1$m2L I 147$j61991$B61991$CSeMilBibl$Z2$F72113 $81 961 $aOmaggio: Altro 996 $6245$aFilotea mariana :$btutto con me per l'Anima Divota di N.S. della Guardia$9(OLS)http://semarc/title/153300 996 $6260$aGenova :$bBronda$9(OLS)http://semarc/publisher/44779